|
|
|
|
| LEADER |
00000cam a2200000 7i4500 |
| 001 |
0000091118 |
| 005 |
20230406100226.0 |
| 008 |
230308 may |
| 020 |
|
|
|a 9789672434498 (
|q (paperback))
|
| 040 |
|
|
|e rda
|
| 041 |
|
|
|a Malay
|
| 090 |
0 |
0 |
|a 808.882
|b JOD
|
| 245 |
1 |
0 |
|a Jodoh :
|b rindu
|c Editor Pengurusan Sri Diah Shaharuddin, Andek Noor Hudayah Bachok
|
| 264 |
|
1 |
|a Shah Alam, Selangor :
|b Writers Write Services
|c 2022
|
| 300 |
|
|
|a 220 pages :
|b colour photographs ;
|c 21 cm.
|
| 336 |
|
|
|a text
|2 rdacontent
|
| 337 |
|
|
|a unmediated
|2 rdamedia
|
| 338 |
|
|
|a volume
|2 rdacarrier
|
| 541 |
|
|
|c Purchased on 2022
|f PPAJohor/Dis2022 WRI
|h RM30.00
|
| 650 |
|
0 |
|a Courtship
|v Anecdotes
|
| 650 |
|
0 |
|a Mate selection
|v Anecdotes
|
| 730 |
0 |
|
|a Title
|
| 999 |
|
|
|a 0001713907
|b Book
|c Adult Collection
|e Cawangan AEON Kulaijaya
|
| 999 |
|
|
|a 0001713908
|b Book
|c Adult Collection
|e Cawangan Urban Transformation Centre
|
| 999 |
|
|
|a 0001713909
|b Book
|c Adult Collection
|e Perbadanan Perpustakaan Awam Johor
|
| 999 |
|
|
|a 0001713910
|b Book
|c Adult Collection
|e Perbadanan Perpustakaan Awam Johor
|
| 999 |
|
|
|a 0001713911
|b Book
|c Adult Collection
|e Perbadanan Perpustakaan Awam Johor
|
| 999 |
|
|
|a 0001713912
|b Book
|c Adult Collection
|e Cawangan Batu Pahat
|
| 999 |
|
|
|a 0001713913
|b Book
|c Adult Collection
|e Cawangan Taman Sri Lambak
|
| 999 |
|
|
|a 0001713914
|b Book
|c Adult Collection
|e Cawangan Bandar Tenggara
|
| 999 |
|
|
|a 0001713915
|b Book
|c Adult Collection
|e Cawangan Tmn. Ungku Tun Aminah
|
| 999 |
|
|
|a 0001713916
|b Book
|c Adult Collection
|e Cawangan Bandar Penawar
|
| 999 |
|
|
|a 0001713917
|b Book
|c Adult Collection
|e Cawangan Bukit Gambir
|
| 999 |
|
|
|a 0001713918
|b Book
|c Adult Collection
|e Cawangan Segamat
|
| 999 |
|
|
|a 0001713919
|b Book
|c Adult Collection
|e Cawangan Muar
|
| 999 |
|
|
|a 0001713920
|b Book
|c Adult Collection
|e Cawangan Pontian
|
| 999 |
|
|
|a 0001713921
|b Book
|c Adult Collection
|e Cawangan Kota Tinggi
|
| 999 |
|
|
|a 0001713922
|b Book
|c Adult Collection
|e Cawangan Tangkak
|
| 999 |
|
|
|a 0001713923
|b Book
|c Adult Collection
|e Cawangan Mersing
|
| 999 |
|
|
|a 0001715656
|b Book
|c Adult Collection
|e Desa - PPAJ
|
| 999 |
|
|
|a 0001715657
|b Book
|c Adult Collection
|e Desa - PPAJ
|
| 999 |
|
|
|a 0001715658
|b Book
|c Adult Collection
|e Desa - PPAJ
|
| 999 |
|
|
|a 0001715659
|b Book
|c Adult Collection
|e Desa - PPAJ
|
| 999 |
|
|
|a 0001715660
|b Book
|c Adult Collection
|e Desa - PPAJ
|
| 999 |
|
|
|a 0001715661
|b Book
|c Adult Collection
|e Desa - PPAJ
|
| 999 |
|
|
|a 0001715662
|b Book
|c Adult Collection
|e Desa - PPAJ
|
| 999 |
|
|
|a 0001715663
|b Book
|c Adult Collection
|e Desa - PPAJ
|
| 999 |
|
|
|a 0001715664
|b Book
|c Adult Collection
|e Desa - PPAJ
|
| 999 |
|
|
|a 0001715665
|b Book
|c Adult Collection
|e Desa - PPAJ
|
| 999 |
|
|
|a 0001715666
|b Book
|c Adult Collection
|e Desa - PPAJ
|
| 999 |
|
|
|a 0001715667
|b Book
|c Adult Collection
|e Desa - PPAJ
|
| 999 |
|
|
|a 0001715668
|b Book
|c Adult Collection
|e Desa - PPAJ
|
| 999 |
|
|
|a 0001715669
|b Book
|c Adult Collection
|e Desa - PPAJ
|
| 999 |
|
|
|a 0001715670
|b Book
|c Adult Collection
|e Desa - PPAJ
|
| 999 |
|
|
|a 0001715671
|b Book
|c Adult Collection
|e Desa - PPAJ
|
| 999 |
|
|
|a 0001715672
|b Book
|c Adult Collection
|e Desa - PPAJ
|
| 999 |
|
|
|a 0001715673
|b Book
|c Adult Collection
|e Desa - PPAJ
|
| 999 |
|
|
|a 0001715674
|b Book
|c Adult Collection
|e Desa - PPAJ
|
| 999 |
|
|
|a 0001715675
|b Book
|c Adult Collection
|e Desa - PPAJ
|
| 999 |
|
|
|a 0001715676
|b Book
|c Adult Collection
|e Desa - PPAJ
|
| 999 |
|
|
|a 0001715677
|b Book
|c Adult Collection
|e Desa - PPAJ
|
| 999 |
|
|
|a 0001715678
|b Book
|c Adult Collection
|e Desa - PPAJ
|
| 999 |
|
|
|a 0001715679
|b Book
|c Adult Collection
|e Desa - PPAJ
|
| 999 |
|
|
|a 0001715680
|b Book
|c Adult Collection
|e Desa - PPAJ
|
| 999 |
|
|
|a 0001715681
|b Book
|c Adult Collection
|e Desa - PPAJ
|
| 999 |
|
|
|a 0001715682
|b Book
|c Adult Collection
|e Desa - PPAJ
|
| 999 |
|
|
|a 0001715683
|b Book
|c Adult Collection
|e Desa - PPAJ
|
| 999 |
|
|
|a 0001715684
|b Book
|c Adult Collection
|e Desa - PPAJ
|
| 999 |
|
|
|a 0001715685
|b Book
|c Adult Collection
|e Desa - PPAJ
|
| 999 |
|
|
|a 0001715686
|b Book
|c Adult Collection
|e Desa - PPAJ
|
| 999 |
|
|
|a 0001715687
|b Book
|c Adult Collection
|e Desa - PPAJ
|
| 999 |
|
|
|a 0001715688
|b Book
|c Adult Collection
|e Desa - PPAJ
|
| 999 |
|
|
|a 0001715689
|b Book
|c Adult Collection
|e Desa - PPAJ
|
| 999 |
|
|
|a 0001715690
|b Book
|c Adult Collection
|e Desa - PPAJ
|
| 999 |
|
|
|a 0001715691
|b Book
|c Adult Collection
|e Desa - PPAJ
|
| 999 |
|
|
|a 0001715692
|b Book
|c Adult Collection
|e Desa - PPAJ
|
| 999 |
|
|
|a 0001715693
|b Book
|c Adult Collection
|e Desa - PPAJ
|
| 999 |
|
|
|a 0001715694
|b Book
|c Adult Collection
|e Desa - PPAJ
|
| 999 |
|
|
|a 0001715695
|b Book
|c Adult Collection
|e Desa - PPAJ
|
| 999 |
|
|
|a 0001715696
|b Book
|c Adult Collection
|e Desa - PPAJ
|